| 000 | 00767na a2200241 4500 | ||
|---|---|---|---|
| 001 | 14040 | ||
| 003 | MIRAKIL | ||
| 005 | 20181213154843.0 | ||
| 008 | 160823b tu 000 0 | ||
| 020 | _a9751714559 | ||
| 035 | _a14040 | ||
| 040 |
_aMilas _btur _cTR-AnCHP |
||
| 082 |
_aATA 811 _bA72 1994 |
||
| 090 | _aATA 811 A72 1994 | ||
| 245 |
_aAtatürk için Türkiye dışında yazılan şiirler -güldeste- _chazırlayan İrfan Ünver Nasrattınoğlu |
||
| 260 |
_aAnkara _bKültür Bakanlığı _c1994 |
||
| 300 |
_axiii, 246 s. _c20 sm. |
||
| 490 |
_aAtatürk dizisi _v39 |
||
| 490 |
_aT.C. Kültür Bakanlığı Yayınları _v1665 |
||
| 600 |
_aAtatürk, Mustafa Kemal _d1881-1938 _xŞiir |
||
| 700 | _aNasrattınoğlu, İrfan Ünver | ||
| 942 |
_2ddc _cBKS |
||
| 999 |
_c2055 _d2055 |
||